|
|
|
|
| LEADER |
00727cam a2200193 7i4500 |
| 001 |
0000049097 |
| 005 |
20241128090000.0 |
| 020 |
|
|
|a 9798026519
|
| 090 |
0 |
0 |
|a JA75.7
|b .B65 1996
|
| 100 |
1 |
|
|a Buchori, Mochtar
|
| 245 |
1 |
4 |
|a Culture and politics in Indonesia :
|b personal reflections
|c Mochtar Buchori.
|
| 260 |
|
|
|a Jakarta, Indonesia:
|b Centre for Strategic and International Studies,
|c 1996.
|
| 300 |
|
|
|a xix, 177 p.;
|c 25 cm.
|
| 500 |
|
|
|a Gift: Zainol Ahmad Resource Center
|
| 650 |
0 |
0 |
|a Political culture --
|z Indonesia
|
| 650 |
0 |
0 |
|a Political culture
|
| 651 |
|
0 |
|a Indonesia --
|x Politics and governments --
|y 1966-1998
|
| 651 |
|
0 |
|a Indonesia --
|x Cultural policy
|
| 999 |
|
|
|a 0000067572
|b BOK
|c OPEN SHELF
|e 1st Floor, Bestari Jaya
|